| 000 | 02005pam a2200457 i 4500 | ||
|---|---|---|---|
| 001 | 2024021046 | ||
| 003 | DLC | ||
| 005 | 20250506122830.0 | ||
| 008 | 240510s2025 nyu 000 1 eng | ||
| 010 | _a 2024021046 | ||
| 020 |
_a9780593641057 _q(hardcover) |
||
| 020 |
_a9780593550441 _q(paperback) |
||
| 020 |
_z9780593550458 _q(ebook) |
||
| 035 | _a(OCoLC)1433129702 | ||
| 040 |
_aDLC _beng _erda _cDLC _dDLC _dTnLvILS |
||
| 042 | _apcc | ||
| 050 | 0 | 0 |
_aPS3608.A98845 _bD44 2025 |
| 082 | 0 | 0 |
_a813/.6 _223/eng/20240510 |
| 092 |
_afiction _bHazelwood, Ali |
||
| 100 | 1 |
_aHazelwood, Ali, _eauthor. _96433552 |
|
| 245 | 1 | 0 |
_aDeep end / _cAli Hazelwood. |
| 250 | _aFirst edition. | ||
| 264 | 1 |
_aNew York : _bBerkley Romance, _c2025. |
|
| 300 |
_a446 pages ; _c22 cm |
||
| 336 | _atext | ||
| 337 | _aunmediated | ||
| 338 | _avolume | ||
| 500 | _a"A novel"--Cover. | ||
| 520 | _a"Scarlett Vandermeer is swimming upstream. A junior at Stanford and a student-athlete who specializes in platform diving, Scarlett prefers to keep her head down, concentrating on getting into med school and on recovering from the injury that almost ended her career. She has no time for relationships--at least, that's what she tells herself. Swim captain, world champion, all-around aquatics golden boy, Lukas Blomqvist thrives on discipline. ... On the surface, Lukas and Scarlett have nothing in common--until a well-guarded secret slips out, and everything changes"-- | ||
| 610 | 2 | 0 |
_aStanford University _vFiction. _96543029 |
| 650 | 0 |
_aCollege students _vFiction. _95677278 |
|
| 650 | 0 |
_aDivers _vFiction. _96429680 |
|
| 650 | 0 |
_aSwimmers _vFiction. _96470158 |
|
| 650 | 0 |
_aOlympic athletes _vFiction. _96370319 |
|
| 650 | 0 |
_aSecrecy _vFiction. _95674238 |
|
| 655 | 7 |
_aRomance fiction. _2lcgft |
|
| 655 | 7 |
_aErotic fiction. _2lcgft _9102627 |
|
| 655 | 7 |
_aSports fiction. _2lcgft _95744746 |
|
| 655 | 7 |
_aCampus fiction. _2lcgft _95771251 |
|
| 942 |
_2ddc _cBOOK |
||
| 999 |
_c406924 _d406924 |
||